000 00246nam a22000977a 4500
999 _c2932
_d2932
008 190425e1990 Ag ||||| |||| 00| 0 spa d
100 _aComparato, Mario
245 _aGinecologia en esquemas
260 _aBuenos Aires
_bEl Ateneo
_c1990
500 _3Baja